The marketing of tourism products : concepts, issues and cases
Αποθηκεύτηκε σε:
| Κύριος συγγραφέας: | |
|---|---|
| Άλλοι συγγραφείς: | |
| Μορφή: | Βιβλίο |
| Γλώσσα: | English |
| Δημοσίευση: |
London :
ITP,
1996
|
| Θέματα: | |
| Ετικέτες: |
Προσθήκη ετικέτας
Δεν υπάρχουν, Καταχωρήστε ετικέτα πρώτοι!
|
MARC
| LEADER | 00000nam a2200000 i 4500 | ||
|---|---|---|---|
| 001 | 1/100013 | ||
| 008 | 991126s1996 eng d | ||
| 020 | |a 1-86152-302-5 | ||
| 035 | |l 10057110 | ||
| 040 | |a GR-MY-UA |b | ||
| 041 | 0 | |a eng | |
| 082 | 0 | |a 338.47910688 | |
| 100 | 1 | |a Seaton, A. V. | |
| 245 | 1 | 4 | |a The marketing of tourism products : |b concepts, issues and cases / |c A.V. Seaton, M.M. Bennett |
| 260 | |a London : |b ITP, |c 1996 | ||
| 300 | |a xx, 540 σ. | ||
| 504 | |a Περιλαμβάνει ευρετήριο | ||
| 650 | 0 | 0 | |a Tourism |x Marketing. |
| 700 | 0 | |a Bennett, M.M. | |
| 852 | |a INST |b CHIOS |e 19991126 |h 338.47910688 SEA |p 005200016650 |q 005200016650 |t BK |y 0 | ||
| 852 | |a INST |b CHIOS |e 20000128 |h 338.47910688 SEA |p 005200016719 |q 005200016719 |t BK |y 0 | ||
| 852 | |a INST |b CHIOS |e 20000111 |h 338.47910688 SEA |p 005200016720 |q 005200016720 |t BK |y 0 | ||
| 852 | |a INST |b CHIOS |e 20000111 |h 338.47910688 SEA |p 005200019102 |q 005200019102 |t BK |y 0 | ||
| 901 | |a BIBL2-1999-3 | ||
| 901 | |a BIBL2-2000-1 | ||
| 909 | |a Χ |b 070051 | ||
| 909 | |a Χ |b 072560 | ||
| 909 | |a Χ |b 073128 | ||
| 909 | |a Χ |b 073129 | ||
| 922 | |a 2ΕΛΗ |b 199910 |c ΤΝΕΥ |d GLORYBOOK-ECONOMIST | ||
| 922 | |a 2ΕΛΗ |b 199912 |c ΤΔΕ |d GLORYBOOK-ECONOMIST | ||
| 950 | |a 112-1999-11-11 | ||
| 950 | |a 112-1999-08-31 | ||
| 970 | |a ΣΠΕΝΤΖΑ |b ΕΛΕΝΗ |z 1999/12/02 | ||